Crimebusters : (Record no. 114825)
[ view plain ]
| 000 -LEADER | |
|---|---|
| fixed length control field | 00380nam a2200121 a 4500 |
| 005 - DATE AND TIME OF LATEST TRANSACTION | |
| control field | 20140414132113.0 |
| 008 - FIXED-LENGTH DATA ELEMENTS--GENERAL INFORMATION | |
| fixed length control field | 110815s19uu xx 00 eng d |
| 050 ## - LIBRARY OF CONGRESS CALL NUMBER | |
| Classification number | M 614 |
| Item number | C84 2006 |
| 100 ## - MAIN ENTRY--PERSONAL NAME | |
| Personal name | Gifford, Clive |
| 245 ## - TITLE STATEMENT | |
| Title | Crimebusters : |
| Remainder of title | Discover the world of crime scene science / |
| Statement of responsibility, etc | How science fight crime. |
| 260 ## - PUBLICATION, DISTRIBUTION, ETC. (IMPRINT) | |
| Place of publication, distribution, etc | Thailand : |
| Name of publisher, distributor, etc | Oxford University, |
| Date of publication, distribution, etc | 2006. |
| Withdrawn status | Lost status | Damaged status | Home library | Current library | Shelving location | Date acquired | Source of acquisition | Total Checkouts | Full call number | Barcode | Date last seen | Price effective from | Koha item type |
|---|---|---|---|---|---|---|---|---|---|---|---|---|---|
| Munich Library | Munich Library | Main Section | 08/15/2011 | M 614 C84 2006 | M6732 | 04/14/2014 | 04/14/2014 | Books |